LOTR: Residents of Middle-Earth: Rivendell - Statistics

General Stats
  • This quiz has been taken 75 times
    10 since last reset
  • The average score is 9 of 27
Answer Stats
Answer % Correct
Aragorn I
100%
Aragorn II
100%
Arwen
89%
Elrond
89%
Bilbo Baggins
78%
Elrohir
67%
Arathorn I
56%
Arathorn II
56%
Elladan
56%
Glorfindel
56%
Celebrían
33%
Erestor
33%
Lindir
33%
Gilraen
22%
Arahael
11%
Gildor Inglorion
11%
Arador
0%
Araglas
0%
Aragost
0%
Arahad I
0%
Arahad II
0%
Aranuir
0%
Arasuil
0%
Aravir
0%
Aravorn
0%
Argonui
0%
Celeborn
0%
No matching quizzes found
Score Distribution
Percent of People with Each Score
Percentile by Number Answered
Your Score History
You have not taken this quiz since the last reset